000 00301nam a22001337a 4500
008 170511b xxu||||| |||| 00| 0 eng d
020 _a9781587785436
041 _aeng
080 _24TH
_a342
100 _a15
101 _aSHJ
245 _aCONSUMER TRANSACTIONS
_cGREENFIELD, M.M
942 _2udc
_cBK
999 _c13128
_d13128